Arena en los zapatos (Registro nro. 67790)
[ vista simple ]
| 000 -LÍDER | |
|---|---|
| Campo fijo de descripción fija | 01147nam a22002777i 4500 |
| 001 - NÚMERO DE CONTROL | |
| Campo de control | BINCO |
| 003 - IDENTIFICADOR DEL NÚMERO DE CONTROL | |
| Campo de control | CO-MdBIC |
| 005 - FECHA Y HORA DE LA ULTIMA TRANSACCIÓN | |
| control field | 20240602115037.0 |
| 008 - ELEMENTOS DE LONGITUD FIJA -- INFORMACIÓN GENERAL | |
| Campo fijo de descripción fija -- Información general | 220423t2001 spaa|||| |||| 00| 0 spa d |
| 020 ## - NÚMERO INTERNACIONAL NORMALIZADO PARA LIBROS | |
| Número Internacional Normalizado del libro | 9788478645657 |
| 040 ## - FUENTE DE CATALOGACIÓN | |
| Agencia de catalogación original | CO-MdBIC |
| Idioma de catalogación | spa. |
| Agencia que realiza la transcripción | CO-MdBIC |
| Agencia que realiza la modificación | CO-MdBIC |
| 041 ## - CÓDIGO DE IDIOMA | |
| Código de idioma para texto/pista de sonido o título separado | spa |
| 082 ## - NÚMERO DE CLASIFICACIÓN DECIMAL DEWEY | |
| Número de la edición del Dewey | 23 |
| Número de clasificación | 863.01 |
| Clave de autor-Numero de item | M724 |
| 100 ## - ASIENTO PRINCIPAL--NOMBRE PERSONAL | |
| Nombre personal | Molist, Pep, |
| Fechas asociadas con el nombre | 1965 |
| 245 ## - TÍTULO | |
| Título del Material | Arena en los zapatos |
| Mención de responsabilidad, etc. | / Pep Molist ; ilustrado por María Espluga |
| 250 ## - MENCIÓN DE EDICIÓN | |
| Mención de edición | Tercera edición |
| 260 1# - PUBLICACIÓN, DISTRIBUCIÓN, ETC. (PIE DE IMPRENTA) | |
| Lugar de publicación, distribución, etc. | España: |
| Nombre del editor, distribuidor, etc. | Combel , |
| Fecha de publicación, distribución, etc. | [2001] |
| 264 ## - PRODUCCIÓN, PUBLICACIÓN, DISTRIBUCIÓN, MANUFACTURA, Y COPYRIGHT | |
| Fecha de producción, publicación, distribución, manufactura, o copyright | © 2001 |
| 300 ## - DESCRIPCIÓN FÍSICA | |
| Extensión | 20 paginas |
| Otros detalles físicos | ; ilustraciones a color |
| Dimensiones | , 21 cm. |
| 490 ## - MENCIÓN DE SERIE | |
| Mención de serie | Caballo alado. Al galope |
| 501 ## - NOTA DE “CON” | |
| Nota de Contenido | Un día, María se quedó sola en la biblioteca.<br/>Aquel día, María quería hacer lo mismo que sus hermanos: meterse dentro de un libro.<br/>Los hermanos de María decían que era maravilloso. Y cuando lo decían, les brillaban los ojos.<br/>Aquel día, en la biblioteca, había llegado el momento.<br/>María quería meterse dentro de un libro. |
| 650 #7 - ASIENTO SECUNDARIO DE MATERIA - TERMINO TEMÁTICO | |
| 9 (RLIN) | 100 |
| Término temático o nombre geográfico como elemento de entrada | Educación infantil |
| 650 #7 - ASIENTO SECUNDARIO DE MATERIA - TERMINO TEMÁTICO | |
| Término temático o nombre geográfico como elemento de entrada | Literatura española |
| 9 (RLIN) | 7089 |
| 700 ## - ASIENTO SECUNDARIO - NOMBRE PERSONAL | |
| Nombre personal | Espluga, Maria, |
| Fechas asociadas con el nombre | 1968 |
| Responsabilidad | ilustradora |
| 942 ## - TIPO DE MATERIAL (KOHA) | |
| Tipo de Item KOHA | Z- Libro General BINCO |
| Estado de Material | Estado de Perdido | Forma de Clasificación | Estado de Dañado | No para Préstamo | Biblioteca de Origen | Biblioteca Permanente | Fecha de Adquisición | Total de Préstamos | Signatura Topográfica | Código de Barras | Última vez visto | Ejemplar/Existencia | Fecha de Remplazo | Tipo de Material |
|---|---|---|---|---|---|---|---|---|---|---|---|---|---|---|
| Dewey Decimal Classification | Biblioteca Infantil Comunitaria BINCO | Biblioteca Infantil Comunitaria BINCO | 23/04/2022 | 863.01M724 | B32146 | 23/04/2022 | ej.1 | 23/04/2022 | Z- Libro General BINCO |
